<?xml version="1.0" encoding="UTF-8"?>
<marc:record xmlns:marc="http://www.loc.gov/MARC21/slim">
   <marc:leader>00000nam a2200000 a 4500</marc:leader>
   <marc:datafield ind1="1" ind2=" " tag="100">
      <marc:subfield code="a">Böhm, Zsolt-Georg</marc:subfield>
      <marc:subfield code="4">aut</marc:subfield>
      <marc:subfield code="e">Verfasser/-in</marc:subfield>
   </marc:datafield>
   <marc:datafield ind1="0" ind2="0" tag="245">
      <marc:subfield code="a">Die Pontifex-Botschaft</marc:subfield>
   </marc:datafield>
   <marc:datafield ind1="0" ind2="0" tag="245">
      <marc:subfield code="c">Zsolt-Georg Böhm</marc:subfield>
   </marc:datafield>
   <marc:datafield ind1=" " ind2="1" tag="264">
      <marc:subfield code="a">Bremen</marc:subfield>
      <marc:subfield code="b">MusketierVerlag</marc:subfield>
      <marc:subfield code="c">2018</marc:subfield>
   </marc:datafield>
   <marc:datafield ind1="1" ind2=" " tag="520">
      <marc:subfield code="a">Eine alte Schriftrolle mit den Worten Jesu zeigt verblüffende Ähnlichkeiten mit der Plakette der Pioneer-Sonde. Obwohl fast 2000 Jahre zwischen der Entstehung der beiden Objekte liegen, übermitteln sie fast die gleichen bildlichen Informationen. Nur ihre Adressaten sind unterschiedlich: die Papyrusrolle richtet sich an die Menschheit, die NASA-Scheibe an Außerirdische. Wie konnte die geheim gehaltene Rolle den Astronomen Sagan inspiriert haben?</marc:subfield>
   </marc:datafield>
   <marc:datafield ind1=" " ind2=" " tag="020">
      <marc:subfield code="a">9783946635093</marc:subfield>
      <marc:subfield code="9">9783946635093</marc:subfield>
   </marc:datafield>
   <marc:datafield ind1=" " ind2=" " tag="020">
      <marc:subfield code="a">3946635091</marc:subfield>
      <marc:subfield code="9">3946635091</marc:subfield>
   </marc:datafield>
   <marc:datafield ind1=" " ind2=" " tag="300">
      <marc:subfield code="a">360 S.</marc:subfield>
   </marc:datafield>
</marc:record>
